000 00637cam a2200145 4500500
005 20260208001103.0
041 _afre
042 _adc
100 1 0 _aHarpet, Cyrille
_eauthor
245 0 0 _aDe la décharge à la déchetterie : questions de géographie des déchets, Jean-René Bertrand (Ed.), avec la participation de François Laurent, Presses universitaires de Rennes, 2003, 180 p.
260 _c2005.
500 _a7
786 0 _nNatures Sciences Sociétés | 13 | 4 | 2005-12-01 | p. 461d-467d | 1240-1307
856 4 1 _uhttps://stm.cairn.info/revue-natures-sciences-societes-2005-4-page-461d?lang=fr&redirect-ssocas=7080
999 _c1644337
_d1644337